| 000 | 00476nam a2200097Ia 4500 | ||
|---|---|---|---|
| 008 | 170517s9999 xx 000 0 und d | ||
| 245 | _aLondon Calling | ||
| 300 | _aThe divide between hard news and propaganda has become murkier than ever in recent years. Audiences from both sides of the aisle have observed an insidious media bias at play whether they consume their news online, in the morning... | ||
| 650 | _xMedia. | ||
| 856 | _uhttp://topdocumentaryfilms.com/london-calling/ | ||
| 999 |
_c333536 _d333536 |
||